000 00530nam a2200217Ia 4500
003 OSt
005 20221005131330.0
006 a|||||r|||| 00| 0
007 ta
008 221004b |||||||| |||| 00| 0 urd d
024 _a13477
037 _cTextual
040 _aCRL
_cCRL
_burd
041 _2urd
_aurd
082 _aO15,3H20,1, 168M71
245 0 _aSinghasan beti nazam
260 _c1871
650 _aSANSKRIT LITERATURE
942 _hO15,3H20,1, 168M71
_cTEXL
_2cc
999 _c1059989
_d1059989